[Event "TUR-chT"]
[Site "Konya"]
[Date "2012.07.12"]
[Round "2"]
[White "Akinal, Ediz"]
[Black "Coban, Menderes"]
[Result "0-1"]
[WhiteElo "2049"]
[BlackElo "1925"]
[PlyCount "141"]
[EventDate "2012.07.11"]
[EventType "team-tourn"]
[EventRounds "13"]
[EventCountry "TUR"]
[SourceTitle "CBM 149 Extra"]
[Source "ChessBase"]
[SourceDate "2012.08.24"]
[SourceVersion "1"]
[SourceVersionDate "2012.08.24"]
[SourceQuality "1"]
[WhiteTeam "Istanbul Aquamatch"]
[BlackTeam "Adana Truva"]
[WhiteTeamCountry "TUR"]
[BlackTeamCountry "TUR"]

1. e4 e6 2. d4 d5 3. Nc3 Nf6 4. e5 Nfd7 5. f4 c5 6. Nf3 Nc6 7. Be3 Be7 8. Qd2 a6 9. Ne2 b5 10. c3 Na5 11. Ng3 Nc4 12. Bxc4 bxc4 13. f5 cxd4 14. cxd4 Qb6 15. 0-0 0-0 16. f6 gxf6 17. Bh6 fxe5 18. Bxf8 Bxf8 19. Qg5+ Kh8 20. Kh1 f6 21. Qh4 e4 22. Ne5 Qxd4 23. Ng6+ Kg7 24. Nh5+ Kxg6 25. Nf4+ Kf7 26. Qxh7+ Bg7 27. Qg6+ Ke7 28. Qxg7+ Kd6 29. Qf7 Nb6 30. Ng6 f5 31. Qe7+ Kc6 32. Nf4 Qe5 33. b4 Qd6 34. Qf7 Bd7 35. a4 Qf8 36. Qg6 Kd6 37. Qg3 Kc6 38. a5 Nc8 39. Ng6 Qd6 40. Ne5+ Kc7 41. Rac1 Ne7 42. Rfd1 Bb5 43. Nxc4 Qxg3 44. Ne3+ Kd6 45. hxg3 Bd3 46. Rd2 Nc6 47. Rb2 Nd4 48. Re1 Rc8 49. Kg1 Nb5 50. Nf1 d4 51. Nd2 Bc2 52. Rc1 d3 53. Kf2 Kd5 54. Ke3 Nc3 55. Nb3 Rg8 56. Rbxc2 dxc2 57. Rxc2 Rxg3+ 58. Kf2 f4 59. Nc1 e5 60. Kf1 Re3 61. Nb3 Kc4 62. Nc5 Kxb4 63. Nxa6+ Kxa5 64. Nc5 Kb4 65. Nd7 Kb3 66. Rf2 Nd1 67. Rd2 Nb2 68. Nxe5 Nd3 69. Nxd3 exd3 70. Kf2 Kc3 71. Rd1 0-1